00000000nam 2200000za 4500
0019.676607
003CaOODSP
00520250113162024
007cr |||||||||||
008150407|2011||||xxc|||||o    f|0| 0 ita d
040 |aCaOODSP|beng
043 |an-cn---
0861 |aA15-11515/2011Ita-PDF|zA15-11515/2011T-PDF
1101 |aCanada. |bAgriculture and Agri-Food Canada.
24510|a[Canadian canola : |h[electronic resource]|bprairie gold].
2463 |aI semi di canola: l'oro della prateria
250 |a[Italian edition].
260 |aOttawa - Ontario : |bAgriculture and Agri-Food Canada |c[2011].
300 |a2p.
500 |aIssued also in English under title: Canadian canola: prairie gold.
546 |aText in Italian.
590 |a13-10-Supp|b2013-04-13
69007|aAgri-food industry|2gcpds
77508|tCanadian canola : |w(CaOODSP)9.695114
792 |t[Le canola canadien : |efre|w(CaOODSP)9.676608
85640|ahttp://publications.gc.ca|qPDF|s744 KB|uhttps://publications.gc.ca/collections/collection_2013/aac-aafc/A15-11515-2011-ita.pdf